La Organización y la movilización social en la política social /

保存先:
書誌詳細
第一著者: Guerra, Elena
フォーマット: テキスト
タグ: タグ追加
タグなし, このレコードへの初めてのタグを付けませんか!

MARC

LEADER 00000 a a2200000 04500
001 150
003
040
100 |a Guerra, Elena  
245 |a La Organización y la movilización social en la política social /  |c Elena Guerra 
773 |g número 6; páginas 14-24  
999 |c 35736  |d 35736 
773 0 |0 18808  |9 3149  |a Asociación Latinoamericana de Escuelas de Trabajo Social  |d Lima, Perú  |o 02621  |t REVISTA ACCIÓN CRÍTICA